<?xml version="1.0" encoding="UTF-8"?>
<marc:record xmlns:marc="http://www.loc.gov/MARC21/slim">
   <marc:leader>00000nam a2200000 a 4500</marc:leader>
   <marc:datafield ind1="1" ind2=" " tag="100">
      <marc:subfield code="a">Jaud, Tommy</marc:subfield>
      <marc:subfield code="4">aut</marc:subfield>
      <marc:subfield code="e">Verfasser/-in</marc:subfield>
   </marc:datafield>
   <marc:datafield ind1="0" ind2="0" tag="245">
      <marc:subfield code="a">Man müsste mal</marc:subfield>
   </marc:datafield>
   <marc:datafield ind1="0" ind2="0" tag="245">
      <marc:subfield code="b">nix gemacht und trotzdem happy : neue Gute-Laune-Storys</marc:subfield>
   </marc:datafield>
   <marc:datafield ind1="0" ind2="0" tag="245">
      <marc:subfield code="c">Tommy Jaud</marc:subfield>
   </marc:datafield>
   <marc:datafield ind1=" " ind2="1" tag="264">
      <marc:subfield code="a">Frankfurt am Main</marc:subfield>
      <marc:subfield code="b">FISCHER Scherz</marc:subfield>
      <marc:subfield code="c">2023</marc:subfield>
   </marc:datafield>
   <marc:datafield ind1="1" ind2=" " tag="520">
      <marc:subfield code="a">Warum unternehmen alle anderen immer mehr als man selbst? Hat die Künstliche Intelligenz eine Chance gegen die Natürliche Dummheit? Und wo zum Teufel ist der rote Aufreißfaden der Prinzenrolle hin? Da müsste man doch mal... Tommy Jaud stellt sich dem täglichen »Man müsste mal«: Er kämpft um Paybackpunkte, Rückenmuskulatur, Spülmaschinen-Ästhetik und geistige Gesundheit. Und zeigt mit tatkräftiger Hilfe von Ehefrau Nina, Nachbar Oski und den Britisch-Kurzhaar-Kätzchen Fanny und Coucou: Verzetteln ist menschlich, gute Laune kann man lesen, und nix machen macht auch nix.</marc:subfield>
   </marc:datafield>
   <marc:datafield ind1=" " ind2=" " tag="020">
      <marc:subfield code="a">9783651025097</marc:subfield>
      <marc:subfield code="9">9783651025097</marc:subfield>
   </marc:datafield>
   <marc:datafield ind1=" " ind2=" " tag="041">
      <marc:subfield code="a">ger</marc:subfield>
   </marc:datafield>
   <marc:datafield ind1=" " ind2=" " tag="300">
      <marc:subfield code="a">185 Seiten</marc:subfield>
   </marc:datafield>
</marc:record>
